| 000 | 01242cam a2200337 a 4500 | ||
|---|---|---|---|
| 999 |
_c533821 _d533821 |
||
| 001 | 12695184 | ||
| 003 | NUST | ||
| 005 | 20200121153537.0 | ||
| 008 | 020307s2000 enkab b 001 0 eng d | ||
| 010 | _a 2002318712 | ||
| 015 | _aGB98-V3134 | ||
| 020 | _a1850653844 | ||
| 035 | _a(OCoLC)ocm45478498 | ||
| 038 | _aMSOHAIL | ||
| 040 |
_aCGU _cCGU _dUKM _dVPI _dGZQ _dOCLCQ _dDLC |
||
| 042 | _alccopycat | ||
| 043 | _ae-urr-- | ||
| 050 | 0 | 0 |
_aDK511.C2 _bZ45 2000b |
| 082 | _a947.52 | ||
| 100 | 1 |
_aZelkina, Anna. _927815 |
|
| 245 | 1 | 0 |
_aIn quest for God and freedom : _bthe Sufi response to the Russian advance in the North Caucasus / _cAnna Zelkina. |
| 260 |
_aLondon : _bHurst & Co., _cc2000. |
||
| 300 |
_axxiii, 265 p. : _bill., maps ; _c23 cm. |
||
| 504 | _aIncludes bibliographical references (p. 239-259) and index. | ||
| 650 | 0 |
_aIslam _zRussia (Federation) _zCaucasus, Northern _y19th century. _927816 |
|
| 650 | 0 |
_aNaqshabandīyah _zRussia (Federation) _zCaucasus, Northern _xHistory _y19th century. _927817 |
|
| 651 | 0 |
_aCaucasus, Northern (Russia) _xHistory _y19th century. _927818 |
|
| 906 |
_a7 _bcbc _ccopycat _d3 _encip _f20 _gy-gencatlg |
||
| 942 |
_2ddc _cBK |
||